Tiempos conservadores; América Latina en la derechización de Occidente /
Gespeichert in:
| 1. Verfasser: | |
|---|---|
| Weitere Verfasser: | |
| Format: | Text |
| Veröffentlicht: |
Quito:
El Conejo
|
| Tags: |
Tag hinzufügen
Keine Tags, Fügen Sie den ersten Tag hinzu!
|
MARC
| LEADER | 00000 a a2200000 04500 | ||
|---|---|---|---|
| 001 | 24307 | ||
| 003 | |||
| 040 | |||
| 090 | |a 166400 | ||
| 100 | |a Cueva, Agustín | ||
| 245 | |a Tiempos conservadores; América Latina en la derechización de Occidente / |c Agustín Cueva | ||
| 260 | |a Quito: |b El Conejo | ||
| 300 | |a 260 p. | ||
| 700 | |a Benítez Manaut, Raúl |a Cassá, Roberto |a Córdova Macías, Ricardo |a Galindo, Magdalena |a Nelson, Catherine |a Núñez, Jorge |a Rubio, Luis |a Saxe Fernández, John |a Selser, Gregorio | ||
| 999 | |c 4013 |d 4013 | ||
